[Event "Wch Disabilities 5th"]
[Site "Lublin"]
[Date "2023.08.24"]
[Round "6"]
[White "Solomna, Svitlana"]
[Black "Gonchar, Svitlana"]
[Result "0-1"]
[WhiteElo "1413"]
[BlackElo "1602"]
[PlyCount "64"]
[EventDate "2023.08.19"]
[EventType "swiss"]
[EventRounds "9"]
[EventCountry "POL"]
[SourceTitle "CBM 215 Extra"]
[Source "ChessBase"]
[SourceDate "2023.09.30"]
[SourceVersion "1"]
[SourceVersionDate "2023.09.30"]
[SourceQuality "1"]

1. d4 Nf6 2. Nf3 e6 3. Bf4 d5 4. e3 Bd6 5. Ne5 0-0 6. Bd3 c5 7. c3 Nc6 8. 0-0 Qc7 9. Nxc6 bxc6 10. Bxd6 Qxd6 11. Nd2 e5 12. dxe5 Qxe5 13. Nf3 Qc7 14. h3 Re8 15. Re1 h6 16. Rb1 Be6 17. Qc2 Ne4 18. b3 f5 19. Nd2 Qe5 20. Bxe4 fxe4 21. Nf1 Rf8 22. Ng3 Rf6 23. Rf1 Raf8 24. Ne2 Rg6 25. Nf4 Rxf4 26. exf4 Qxf4 27. f3 Bxh3 28. fxe4 Qe3+ 29. Rf2 Rxg2+ 30. Kh1 Rxf2 31. Qd1 Qxe4+ 32. Kg1 Qg2# 0-1

[Event "Wch Disabilities 5th"]
[Site "Lublin"]
[Date "2023.08.22"]
[Round "4"]
[White "Ablohina, Inga"]
[Black "Solomna, Svitlana"]
[Result "1-0"]
[WhiteElo "1384"]
[BlackElo "1413"]
[PlyCount "101"]
[EventDate "2023.08.19"]
[EventType "swiss"]
[EventRounds "9"]
[EventCountry "POL"]
[SourceTitle "CBM 215 Extra"]
[Source "ChessBase"]
[SourceDate "2023.09.30"]
[SourceVersion "1"]
[SourceVersionDate "2023.09.30"]
[SourceQuality "1"]

1. e4 e6 2. d4 d5 3. exd5 exd5 4. Bd3 Nf6 5. Nf3 Bg4 6. Bg5 Be7 7. 0-0 0-0 8. Nbd2 h6 9. Bh4 Nbd7 10. c3 Re8 11. Qb3 Nb6 12. Rfe1 Be6 13. Ne5 Nfd7 14. Bxe7 Rxe7 15. Ndf3 c5 16. dxc5 Nxc5 17. Qc2 Nxd3 18. Qxd3 Nc4 19. Nxc4 dxc4 20. Qxd8+ Rxd8 21. Nd4 Rde8 22. Re3 Bd7 23. Rae1 Rxe3 24. Rxe3 Rxe3 25. fxe3 f5 26. Kf2 g5 27. Kf3 Kf7 28. g3 Kf6 29. e4 h5 30. h4 gxh4 31. gxh4 Ke5 32. exf5 Bxf5 33. Nb5 a6 34. Nd4 Be4+ 35. Ke3 b5 36. a3 Bb7 37. b3 cxb3 38. Nxb3 Kf5 39. Nc5 Bc8 40. Kf3 a5 41. Nb3 Bb7+ 42. Kg3 b4 43. cxb4 axb4 44. axb4 Ke5 45. Nc5 Bc6 46. Nd3+ Kd4 47. Nf4 Be8 48. b5 Kc5 49. Ne6+ Kxb5 50. Nc7+ Kc6 51. Nxe8 1-0

[Event "Wch Disabilities 5th"]
[Site "Lublin"]
[Date "2023.08.21"]
[Round "3"]
[White "Kovalenko, Vladimir N"]
[Black "Solomna, Svitlana"]
[Result "1-0"]
[WhiteElo "2022"]
[BlackElo "1413"]
[PlyCount "91"]
[EventDate "2023.08.19"]
[EventType "swiss"]
[EventRounds "9"]
[EventCountry "POL"]
[SourceTitle "CBM 215 Extra"]
[Source "ChessBase"]
[SourceDate "2023.09.30"]
[SourceVersion "1"]
[SourceVersionDate "2023.09.30"]
[SourceQuality "1"]

1. e4 e6 2. d4 d5 3. e5 c5 4. c3 Nc6 5. Nf3 Qb6 6. a3 Bd7 7. b4 cxd4 8. cxd4 Nh6 9. Nc3 Nf5 10. Na4 Qd8 11. Be3 Be7 12. Bd3 Nxe3 13. fxe3 0-0 14. 0-0 Bg5 15. Nxg5 Qxg5 16. Rf3 g6 17. Nc5 Bc8 18. Rc1 b6 19. Nxe6 Bxe6 20. Rg3 Qe7 21. Rxc6 Rac8 22. Rxc8 Rxc8 23. Ba6 Rc3 24. e4 Rxg3 25. hxg3 dxe4 26. d5 Bd7 27. Qd4 Qg5 28. Qxe4 Qc1+ 29. Kh2 Qh6+ 30. Qh4 Qf8 31. Bc4 b5 32. Bb3 Qe8 33. Qf6 Qf8 34. Qf4 Qe8 35. Qe3 a6 36. e6 fxe6 37. dxe6 Bc6 38. e7+ Kg7 39. Qe5+ Kh6 40. Qe3+ Kg7 41. Qd4+ Kh6 42. Qf6 Bd7 43. Bf7 Qc8 44. Be6 Qc6 45. Qf8+ Kg5 46. Qf4+ 1-0